Normal view
MARC view
- Distribution (Probability theory)
Entry Topical Term
001 - CONTROL NUMBER
- control field: 82514
003 - CONTROL NUMBER IDENTIFIER
- control field: NUST
005 - DATE AND TIME OF LATEST TRANSACTION
- control field: 20210920114441.0
008 - FIXED-LENGTH DATA ELEMENTS
- fixed length control field: 210920|| aca||aabn | a|a d
040 ## - CATALOGING SOURCE
- Original cataloging agency: NUST
- Transcribing agency: NUST
150 ## - HEADING--TOPICAL TERM
- Topical term or geographic name entry element: Distribution (Probability theory)
670 ## - SOURCE DATA FOUND
- Source citation: Work cat.: (NUST)32869: Alain Haurie editor. 82513, Dynamic Games Theory and Applications /
